|
|
|
|
| LEADER |
00000nam a22000007a 4500 |
| 005 |
20110826132348.0 |
| 008 |
110826t2011 cl |||||s|||| 001 0 spa d |
| 020 |
|
|
|a 956-10-1591-9
|
| 020 |
|
|
|a 956-10-1592-7
|
| 035 |
|
|
|a 5487
|
| 035 |
|
|
|a 5488
|
| 040 |
|
|
|a vLex
|
| 090 |
|
|
|c 2278
|d 2278
|
| 100 |
1 |
|
|a Alessandri R., Arturo
|
| 245 |
1 |
0 |
|a Tratado de Derecho Civil
|b Partes preliminar y general /
|c Arturo Alessandri R. , Manuel Somarriva U.
|h [Recurso electrn̤ico] :
|
| 256 |
|
|
|a Servicio en ln̕ea.
|
| 260 |
|
|
|a [Chile] :
|b Editorial jurd̕ica de Chile,
|c 2010.
|
| 500 |
|
|
|a Tomo I. El derecho y sus normas; Teora̕ de la ley; La relacin̤ jurd̕ica en general y el derecho subjetivo; De las personas naturales y de las personas jurd̕icas. Tomo II. El objeto y contenido de los derechos; Hechos y actos jurd̕icos.
|
| 505 |
|
|
|a Contiene: Tomos primero y segundo.
|
| 506 |
1 |
|
|a Contenido solo disponible en los productos indicados
|d vLex Global
|d vLex Global (Academic Edition, excluding Law Schools)
|d vLex Global (U.S. Academic Edition, Law Schools)
|d vLex Global (U.S. Academic Edition, excluding Law Schools)
|d vLex Global (Academic Edition, Law Schools)
|
| 506 |
1 |
|
|a Contenido solo disponible en los productos indicados
|d vLex Global
|d vLex Global (Academic Edition, excluding Law Schools)
|d vLex Global (U.S. Academic Edition, Law Schools)
|d vLex Global (U.S. Academic Edition, excluding Law Schools)
|d vLex Global (Academic Edition, Law Schools)
|
| 650 |
0 |
4 |
|a Derecho civil
|
| 700 |
1 |
|
|a Somarriva U., Manuel
|
| 740 |
0 |
|
|a vLex Libros (Servicio en ln̕ea)
|
| 856 |
4 |
0 |
|u http://vlex.com/source/tratado-derecho-civil-tomo-primero-5487
|z Acceso restringido. Tomo primero
|
| 856 |
4 |
0 |
|u http://vlex.com/source/tratado-derecho-civil-tomo-segundo-5488
|z Acceso restringido. Tomo segundo
|
| 942 |
|
|
|c BOOK
|